000 01233nam0a22003011 4500
001 v19\rc\1700039
005 20250619030456.0
035 _a(NLR Aleph) 004802142
090 _a4840229
_c4840229
100 _a20061002e19001900|||y0rusy50 ca
101 0 _arus
102 _aRU
105 _ay z |||||
200 1 _aК патологии нефритов
_eНесколько наблюдений над распределением азота в моче у нефритиков
_f[Соч.] Д-ра П.В. Троицкого
210 _a[Санкт-Петербург]
_cтип. М.М. Стасюлевича
_dценз. 1900
215 _a40 с.
_d22
309 _aБез тит. л. и обл.
311 _aОтт. из "Больнич. газ. Боткина" за 1900 г.
320 _aБиблиогр. в примеч.
488 0 _12001#$aБольничная газета Боткина$v1900
_tБольничная газета Боткина
700 1 _aТроицкий
_bП.В.
_f1873-1922
_gПетр Васильевич
801 0 _aRU
_bNLR
_gpsbo
801 0 _aRU
_bRuMoRGB
_2psbo
801 1 _aRU
_bProSoft-M
_2rusmarc
852 _aNLR
_j20.54.1.92
899 _aRuMoRGB
_jP 76/211
942 _cBOOK
980 _aNB